000 00456nam a2200181Ia 4500
001 28424
008 140415s9999 xx 000 0 und d
020 _a0-7506-2591-0
040 _cPK-LaUMT
082 _a 621.3815
_bCAR-L
100 _aJoseph J. Carr
245 _aLinear integrated circuits
_cJoseph J. Carr
260 _aBoston,USA:
_bButterworth,
_c1996
300 _a335 p.
546 _aEN
650 _aLinear integrated circuits
942 _cBK
999 _c28552
_d28552